Juditino tajemství : Judita Durynská a Vladislav II. /
Uloženo v:
| Hlavní autor: | |
|---|---|
| Médium: | Kniha |
| Jazyk: | Czech |
| Vydáno: |
Frýdek-Místek :
Alpress,
2026
|
| Vydání: | Vydání první |
| Edice: | Klokan (Alpress)
|
| Témata: | |
| Celkem bylo vypůjčeno: | 0x |
| Tagy: |
Žádné tagy |
| LEADER | 02505nam a2200613 i 4500 | ||
|---|---|---|---|
| 001 | 106425 | ||
| 003 | CZ PrNK | ||
| 005 | 20260602075348.0 | ||
| 007 | ta | ||
| 008 | 260206s2026 xr g 000 fdcze | ||
| 015 | |a cnb003739701 | ||
| 020 | |a 9788076956605 |q (vázáno) | ||
| 040 | |a BOA001 |b cze |d OLA001 |d ABA001 |e rda | ||
| 072 | 7 | |a 821.162.3-3 |x Česká próza |2 Konspekt |9 25 | |
| 080 | |a 821.162.3-31 |2 MRF | ||
| 080 | |a 929.731-055.2 |2 MRF | ||
| 080 | |a 929.731-058.833 |2 MRF | ||
| 080 | |a 929.731 |2 MRF | ||
| 080 | |a 94(437.3) |2 MRF | ||
| 080 | |a (437.3) |2 MRF | ||
| 080 | |a (0:82-311.6) |2 MRF | ||
| 100 | 1 | |a Moreira, Veronika |7 ola20191026131 |4 aut |9 109691 | |
| 245 | 1 | 0 | |a Juditino tajemství : |b Judita Durynská a Vladislav II. / |c Veronika Moreira |
| 250 | |a Vydání první | ||
| 264 | 1 | |a Frýdek-Místek : |b Alpress, |c 2026 | |
| 300 | |a 208 stran : |c 21 cm | ||
| 336 | |a text |b txt |2 rdacontent | ||
| 337 | |a bez média |b n |2 rdamedia | ||
| 338 | |a svazek |b nc |2 rdacarrier | ||
| 490 | 1 | |a Klokan | |
| 504 | |a Obsahuje bibliografii | ||
| 600 | 0 | 7 | |a Judita Durynská, |c královna, choť Vladislava I., českého krále, |d asi 1133-asi 1174 |7 xx0009252 |2 czenas |
| 600 | 0 | 7 | |a Vladislav |b I., |c český král, |d 1110-1174 |7 xx0005514 |2 czenas |9 109158 |
| 600 | 0 | 9 | |a Judith of Thuringia, |c Queen, consort of Vladislav I., King of Bohemia, |d ca 1133-ca 1174 |2 eczenas |
| 600 | 0 | 9 | |a Vladislav |b I., |c King of Bohemia, |d 1110-1174 |2 eczenas |
| 648 | 7 | |a 12. století |7 ch460550 |2 czenas |9 52880 | |
| 650 | 0 | 7 | |a panovnice |7 ph123930 |y 12. století |z Česko |2 czenas |
| 650 | 0 | 7 | |a manželky panovníků |7 ph122617 |y 12. století |z Česko |2 czenas |
| 650 | 0 | 7 | |a panovníci |7 ph117250 |y 12. století |z Česko |2 czenas |
| 650 | 0 | 9 | |a queens and empresses |y 12th century |z Czechia |2 eczenas |
| 650 | 0 | 9 | |a rulers' spouses |y 12th century |z Czechia |2 eczenas |
| 650 | 0 | 9 | |a kings and rulers |y 12th century |z Czechia |2 eczenas |
| 651 | 7 | |a Česko |7 ge128065 |x dějiny |y 12. století |2 czenas | |
| 651 | 9 | |a Czechia |x history |y 12th century |2 eczenas | |
| 655 | 7 | |a české romány |7 fd133974 |2 czenas |9 54031 | |
| 655 | 7 | |a historické romány |7 fd132414 |2 czenas |9 53624 | |
| 655 | 9 | |a Czech fiction |2 eczenas | |
| 655 | 9 | |a historical novels |2 eczenas | |
| 710 | 2 | |a Alpress (nakladatelství) |7 xx0213868 |4 pbl |9 117194 | |
| 830 | 0 | |a Klokan (Alpress) | |
| 910 | |a UOG502 | ||
| 942 | |2 ddc |c KN | ||
| 999 | |d 106425 | ||
| 993 | |0 0 |1 421180107139 |2 ddc |4 0 |7 0 |9 99846 |b 0 |c 107139 |d 2026-06-02 |e 0 |f DOSP |h 279.00 |i Koupě |l DOSP |r 2026-06-02 |t 6 |w 2026-06-02 |y KN |z HISTO |n | ||